00847nac a22002417a 4500001001000000003000900010005001700019008003400036040005400070072000800124100002000132100001800152110006700170245014000237260003500377300001000412490009700422500001100519650002000530650001800550650002300568650001400591BR9903945BR-BrBNA20240105122252.0230509b bl.|||m| |||| 00| 0 por d aBR-BrBNAbporcBiblioteca Nacional de Agricultura aJ121 aPereira, J.C.D.1 aTomaselli, I.1 aCentro Nacional de Pesquisa de Florestas, Colombo, PR (Brasil)1 aO controle da mancha marrom em madeira serrada de Pinus elliottii engelm. variedade elliottii atraves da tecnica de compressao mecanica3 aColombo, PR (Brasil): c1998.  a10 p. aCircular Tecnica - Centro Nacional de Pesquisa de Florestas (Brazil)vno. 29xISSN 0101-1847 a8 ref. aMadeira Serrada aMancha Marron aControle Integrado aVariedade